000 01101nam a2200325 i 4500
001 000015972
003 DO-SdBNP
005 20251118081239.0
007 ta
008 100222s1982 dr a r 001 0 spa d
040 _aDO-SdBNP
_bspa
_cBNPHU
_erda
041 _aspa
082 _axxxx
_bA485r
_222
100 1 _aAmaro Guzmán, Raymundo
_eautor
_9656
245 1 3 _aLa reforma administrativa y la carrera del servidor público /
_cRaymundo Amaro Guzmán; prólogo Frinette Torres de Urtecho.
250 _aSegunda edición
264 _aSanto Domingo :
_bONAP,
_c1982.
300 _a170 páginas ;
_c22 cm
336 _ardacontent
_btexto
_2txt
337 _ardamedia
_bsin mediación
_2n
338 _ardacarrier
_bvolumen
_2nc
490 1 _aEstudios administrativos
_v4
504 _aBibliografía : p.167-170
590 _aInventariado, 2020 /LP
700 1 _aTorres de Urtecho, Frinette,
_eprólogo
_935883
710 1 _aRepública Dominicana.
_bOficina Nacional de Administración y Personal
_926398
830 0 _aEstudios administrativos, 4
_935884
910 _aDG
942 _2ddc
_cLBS1
999 _c15514
_d15514